000 02494cam a22003618i 4500
999 _c9333
_d9333
001 855779179
003 OCoLC
005 20241126110710.0
008 130809s2014 ilu b 001 0 eng
010 _a2013022763
020 _a9781433537714 (tp)
020 _a1433537710 (tp)
035 _a(OCoLC)855779179
_z(OCoLC)843532970
040 _aDLC
_beng
_erda
_cDLC
_dOCLCO
_dYDXCP
_dBTCTA
_dBDX
_dSGB
_dOCLCQ
042 _apcc
050 0 0 _aBS543
_b.H3355 2014
082 0 0 _a230.041
_223
_bHAM
092 _a230.041
_bH18w
100 1 _aHamilton, James M.,
_d1974-
_0https://id.loc.gov/authorities/names/n2010033502
_915810
245 1 0 _aWhat is biblical theology? :
_ba guide to the Bible's story, symbolism, and patterns /
_cJames M. Hamilton Jr.
264 1 _aWheaton, Illinois :
_bCrossway,
_c2014.
300 _a127 pages ;
_c21 cm
336 _atext
_btxt
_2rdacontent
337 _aunmediated
_bn
_2rdamedia
338 _avolume
_bnc
_2rdacarrier
504 _aIncludes bibliographical references and indexes.
505 0 _aA better world breaks through -- What is biblical theology? -- Part 1 : The Bible's big story. The narrative -- Plot conflict, episodes, and theme -- The mystery -- Part 2 : The Bible's symbolic universe. What do symbols do? -- Imagery -- Typology -- Patterns -- Part 3 : The Bible's love story. A song for the lady in waiting : the bride of Christ and biblical theology -- The church's identity in the story -- The church's setting in the story -- The church's plot tension and its resolution.
520 _aHow do you read the Bible? The Bible recounts a single story -- one that began at creation, encompasses our lives today, and will continue till Christ's return and beyond. In What Is Biblical Theology?, Jim Hamilton introduces us to this narrative, helping us understand the worldview of the biblical writers so that we can read the Old and New Testaments as those authors intended. Tracing the key patterns, symbols, and themes that bind the Bible together, this book will help you understand Scripture's unified message and find your place in the great story of redemption. - Publisher.
630 0 0 _aBible
_xTheology.
_0https://id.loc.gov/authorities/subjects/sh85013722
_9357
630 0 0 _aBible
_vIntroductions.
_0https://id.loc.gov/authorities/subjects/sh85013670
_91507
776 0 8 _iOnline version:
_aHamilton, James M., 1974-
_tWhat is biblical theology?
_dWheaton, Illinois : Crossway, 2014
_z9781433537721
_w(DLC) 2013032856.
942 _2ddc
_cBK
_01